Verso il code Napoleón: il progetto di codice civile di Guy Jean-Baptiste Target, 1798-1799
Guardat en:
| Autor principal: | |
|---|---|
| Format: | Llibre |
| Idioma: | francès italià |
| Publicat: |
Milán
A. Giuffrè
1998
|
| Col·lecció: | Università degli Studi di Milano, 22
|
| Matèries: | |
| Etiquetes: |
Afegir etiqueta
Sense etiquetes, Sigues el primer a etiquetar aquest registre!
|
MARC
| LEADER | 00000nam a2200000 a 4500 | ||
|---|---|---|---|
| 001 | UCO9883 | ||
| 003 | CL-VaPUC | ||
| 008 | 010309e19980000IT |||||||||||||||||fre|d | ||
| 041 | 0 | 7 | |a fre |2 CL-VaPUC |
| 041 | 0 | 7 | |a ita |2 CL-VaPUC |
| 082 | 0 | 4 | |a 346.44 |b SOL |2 21 |
| 100 | 0 | |a Solimano, Stefano |e author |9 455064 | |
| 245 | 1 | 0 | |a Verso il code Napoleón: il progetto di codice civile di Guy Jean-Baptiste Target, 1798-1799 |
| 300 | |a 427 p | ||
| 942 | |c BK | ||
| 945 | |d 20010309 00:00:00 |a vberengu | ||
| 260 | |a Milán |b A. Giuffrè |c 1998 | ||
| 650 | 0 | |a Derecho francés |9 385145 | |
| 650 | 7 | |a CODIGO NAPOLEON |2 CL-VaPUC |9 391959 | |
| 650 | 7 | |a CODIFICACION FRANCESA |2 CL-VaPUC |9 452570 | |
| 650 | 0 | |a Derecho civil |9 255013 | |
| 650 | 7 | |a DERECHO PENAL |2 CL-VaPUC |9 11 | |
| 650 | 0 | |a Familias |9 255641 | |
| 650 | 7 | |a PERSONA |2 CL-VaPUC |9 327934 | |
| 650 | 0 | |a Propiedad |9 255268 | |
| 650 | 0 | |a Obligaciones |9 255578 | |
| 583 | |a last modification |c 20010309 00:00:00 |k Rodrigo Vera | ||
| 490 | 0 | |a Università degli Studi di Milano, 22 | |
| 999 | |c 293900 |d 293898 | ||
| 952 | |0 0 |1 0 |4 0 |6 346_440000000000000_SOL_1998 |7 0 |8 DER_HIS |9 345670 |a BIBDER |b BIBDER |d 2019-11-20 |i 3577074 |o 346.44 SOL 1998 |p 3577074 |r 2023-01-25 |w 2019-11-20 |x Ubicación 4to Piso |y BK |z Estos recursos deben solicitarse con anticipación |k DER | ||
| 952 | |0 0 |1 0 |4 0 |6 346_440000000000000_SOL_1998 |7 0 |8 DER_HIS |9 345671 |a BIBDER |b BIBDER |d 2019-11-20 |i 3712133 |o 346.44 SOL 1998 |p 3712133 |r 2023-01-25 |w 2019-11-20 |x Ubicación 4to Piso |y BK |z Estos recursos deben solicitarse con anticipación |k DER | ||